000 00599cam a2200229 4500
001 M959
008 090401t1985 xxu||||| |||| 00| 0 eng d
035 _a(Sirsi) u6611
041 _aeng
050 _a695.6
110 _aMastic Asphalt Council and Employers Federation
_9538
245 _aRoofing handbook.
260 _aHaywards Heath
_bMACEF
_c1985
300 _a36p. ; 30cm.
350 _a0
650 _aBUILT ENVIRONMENT-CONSTRUCTION DESIGN
650 _aMASTIC ASPHALT
650 _aROOFING
690 _aBUILT ENVIRONMENT-CONSTRUCTION DESIGN
942 _n0
948 _c04/03/1997
999 _c86329
_d86329